| 000 | 00591nam a2200181Ia 4500 | ||
|---|---|---|---|
| 008 | 240729s9999 xx 000 0 und d | ||
| 022 | _a2051-8498 | ||
| 245 | 0 | _aInternational Journal of Business & Economic Development | |
| 260 | _aUnited Kingdom | ||
| 260 | _bAcademy of Business & Retail Management | ||
| 650 | _a Business | ||
| 650 | _a Business communication. Including business report writing, business correspondence | ||
| 650 | _a Commerce | ||
| 650 | _aSocial Sciences | ||
| 856 | _uhttps://doaj.org/toc/42f778814a5c4c3eaf3e4a98b60633e0 | ||
| 942 | _2ddc | ||
| 942 | _cDOAJEJ | ||
| 999 |
_c74676 _d74676 |
||
| 945 |
_a1 _bMadushi Gamage _c1 _dMadushi Gamage |
||